[Event "FRA T II 20102011"]
[Site "FRA"]
[Date "2010.11.14"]
[Round "2.5"]
[White "Guidez, Yann Michael"]
[Black "Favre, Bruno"]
[Result "1-0"]
[WhiteElo "2251"]
[BlackElo "1964"]
[PlyCount "71"]
[EventDate "2010.11.13"]
[EventType "team-match"]
[EventRounds "9"]
[EventCountry "FRA"]
[Source "FFE"]
[SourceDate "2010.10.29"]
[WhiteTeamCountry "FRA"]
[BlackTeamCountry "FRA"]

1. d4 Nf6 2. c4 e5 3. e3 exd4 4. exd4 d5 5. Nc3 c6 6. Qb3 Qb6 7. c5 Qxb3 8.
axb3 Be7 9. Bd3 Bg4 10. Nge2 Bxe2 11. Kxe2 Nbd7 12. Re1 O-O 13. Kf3 Rfe8 14. b4
Bd8 15. Bf4 Rxe1 16. Rxe1 Nf8 17. Bf5 g6 18. Bh3 Kg7 19. Bd6 h6 20. g3 N8h7 21.
Kg2 Ng5 22. f3 Nxh3 23. Kxh3 Rc8 24. g4 Bc7 25. Re7 Bxd6 26. cxd6 Rb8 27. b5
Kf8 28. Rc7 Ne8 29. bxc6 bxc6 30. Rxc6 Rd8 31. Nb5 a5 32. Kg3 f6 33. f4 f5 34.
g5 hxg5 35. fxg5 Rd7 36. Kf4 1-0

[Event "FRA T II 20102011"]
[Site "FRA"]
[Date "2010.11.14"]
[Round "2.4"]
[White "Lepigoche, Cyril"]
[Black "Bourges, Jerome"]
[Result "1-0"]
[WhiteElo "2102"]
[BlackElo "2103"]
[PlyCount "71"]
[EventDate "2010.11.13"]
[EventType "team-match"]
[EventRounds "9"]
[EventCountry "FRA"]
[Source "FFE"]
[SourceDate "2010.10.29"]
[WhiteTeamCountry "FRA"]
[BlackTeamCountry "FRA"]

1. c4 f5 2. Nc3 Nf6 3. g3 e6 4. Bg2 Be7 5. Nf3 O-O 6. O-O d6 7. Rb1 Nc6 8. d3
Qe8 9. b4 Qh5 10. b5 Ne5 11. Nxe5 dxe5 12. Bb2 f4 13. e3 fxe3 14. fxe3 Qh6 15.
Qe2 a6 16. a4 axb5 17. axb5 Bc5 18. Rbe1 Bb4 19. Kh1 Qg6 20. Ra1 Rxa1 21. Bxa1
b6 22. Ne4 Nxe4 23. Rxf8+ Bxf8 24. Bxe4 Qg5 25. Kg2 Bd7 26. h4 Qf6 27. Qh5 g6
28. Bxe5 Qf7 29. Qg5 Bd6 30. Bxd6 cxd6 31. Qd8+ Kg7 32. Qxb6 d5 33. cxd5 exd5
34. Qd4+ Kf8 35. Bxd5 Qf5 36. Qf4 1-0

[Event "FRA T II 20102011"]
[Site "FRA"]
[Date "2010.11.14"]
[Round "2.6"]
[White "Lelong, Eric"]
[Black "Gutscher, Marc Andre"]
[Result "0-1"]
[WhiteElo "1962"]
[BlackElo "1909"]
[PlyCount "70"]
[EventDate "2010.11.13"]
[EventType "team-match"]
[EventRounds "9"]
[EventCountry "FRA"]
[Source "FFE"]
[SourceDate "2010.10.29"]
[WhiteTeamCountry "FRA"]
[BlackTeamCountry "FRA"]

1. c4 Nf6 2. Nc3 g6 3. g3 Bg7 4. Bg2 O-O 5. Nf3 d6 6. O-O Nc6 7. d3 e5 8. Bg5
h6 9. Bxf6 Bxf6 10. Nd5 Bg7 11. Rb1 Be6 12. Nd2 Qd7 13. b4 Rae8 14. b5 Nd4 15.
e3 Nf5 16. Nb4 Rb8 17. Qc2 Ne7 18. Nd5 f5 19. f4 Nxd5 20. cxd5 Bf7 21. Rfc1
Rbc8 22. a4 Rfe8 23. Nc4 exf4 24. exf4 Bd4+ 25. Kh1 Re7 26. Re1 Rce8 27. Qd2 b6
28. Na3 Be3 29. Qb2 Bc5 30. Re6 Bxe6 31. dxe6 Qxe6 32. d4 Bxa3 33. Qxa3 Qe3 34.
Qa2+ Kg7 35. a5 Qxd4 0-1

[Event "FRA T II 20102011"]
[Site "FRA"]
[Date "2010.11.14"]
[Round "2.3"]
[White "Baudin, Frederic"]
[Black "Ledoux, Jean Luc"]
[Result "0-1"]
[WhiteElo "2066"]
[BlackElo "2074"]
[PlyCount "66"]
[EventDate "2010.11.13"]
[EventType "team-match"]
[EventRounds "9"]
[EventCountry "FRA"]
[Source "FFE"]
[SourceDate "2010.10.29"]
[WhiteTeamCountry "FRA"]
[BlackTeamCountry "FRA"]

1. e4 c6 2. d4 d5 3. Nc3 dxe4 4. Bc4 Nf6 5. f3 e3 6. Bxe3 Nd5 7. Qd2 e6 8. Nge2
Nd7 9. O-O Bb4 10. a3 Ba5 11. Rae1 N7b6 12. Ba2 Na4 13. b4 Naxc3 14. Nxc3 Nxe3
15. Qxe3 Bb6 16. Rd1 O-O 17. Kh1 a5 18. Bb3 Qe7 19. Na4 Bc7 20. c3 b6 21. f4
Bd7 22. Ra1 Qd6 23. Bc2 f6 24. Nb2 Qd5 25. c4 Qh5 26. bxa5 Rxa5 27. Rf3 e5 28.
fxe5 c5 29. Bd1 cxd4 30. Qb3 Qxe5 31. g3 Bc6 32. Nd3 Qh5 33. Kg2 Rf5 0-1

[Event "FRA T II 20102011"]
[Site "FRA"]
[Date "2010.11.14"]
[Round "2.1"]
[White "Le Gros, Cedric"]
[Black "Chaplain, Fabrice"]
[Result "0-1"]
[WhiteElo "2114"]
[BlackElo "2117"]
[PlyCount "62"]
[EventDate "2010.11.13"]
[EventType "team-match"]
[EventRounds "9"]
[EventCountry "FRA"]
[Source "FFE"]
[SourceDate "2010.10.29"]
[WhiteTeamCountry "FRA"]
[BlackTeamCountry "FRA"]

1. e4 c5 2. Nf3 Nc6 3. Bb5 g6 4. Bxc6 dxc6 5. d4 cxd4 6. Qxd4 Qxd4 7. Nxd4 Bg7
8. c3 Nf6 9. f3 O-O 10. Be3 Rd8 11. Nd2 Bd7 12. a4 e5 13. Nc2 Be6 14. a5 Nd7
15. Ke2 Bf8 16. Rhd1 f6 17. g4 Nc5 18. Nb4 a6 19. Bxc5 Bxc5 20. Nd3 Ba7 21. Ra4
Rd7 22. c4 Rd4 23. b3 Rad8 24. Nf1 f5 25. exf5 gxf5 26. gxf5 Bxf5 27. Nf2 Rxd1
28. Nxd1 Bd3+ 29. Ke1 Bxf1 30. Kxf1 Rxd1+ 31. Ke2 Rd7 0-1

[Event "FRA T II 20102011"]
[Site "FRA"]
[Date "2010.11.14"]
[Round "2.7"]
[White "Andre, Marine"]
[Black "Benard, Anne Laurie"]
[Result "0-1"]
[WhiteElo "1690"]
[BlackElo "1973"]
[PlyCount "58"]
[EventDate "2010.11.13"]
[EventType "team-match"]
[EventRounds "9"]
[EventCountry "FRA"]
[Source "FFE"]
[SourceDate "2010.10.29"]
[WhiteTeamCountry "FRA"]
[BlackTeamCountry "FRA"]

1. e4 c5 2. Nf3 g6 3. Bc4 Bg7 4. c3 e6 5. d4 cxd4 6. cxd4 d5 7. exd5 exd5 8.
Bb5+ Bd7 9. Bxd7+ Qxd7 10. O-O Nc6 11. Nc3 Nge7 12. a3 O-O 13. Be3 Nf5 14. Qd3
Rfe8 15. Rfe1 Rad8 16. Rab1 Re7 17. b4 b6 18. Rbd1 Rde8 19. Qb5 Nfxd4 20. Nxd4
Nxd4 21. Qxd5 Qg4 22. Rf1 Nf5 23. Ne2 Qxe2 24. Bc1 Re5 25. Qd7 R5e7 26. Qd5 Qe4
27. Qb3 Nd4 28. Qh3 Qe2 29. Rde1 Qxf1+ 0-1

[Event "FRA T II 20102011"]
[Site "FRA"]
[Date "2010.11.14"]
[Round "2.8"]
[White "Tournay, Angelina"]
[Black "Soissong, Elzbieta"]
[Result "0-1"]
[WhiteElo "1660"]
[BlackElo "1688"]
[PlyCount "58"]
[EventDate "2010.11.13"]
[EventType "team-match"]
[EventRounds "9"]
[EventCountry "FRA"]
[Source "FFE"]
[SourceDate "2010.10.29"]
[WhiteTeamCountry "FRA"]
[BlackTeamCountry "FRA"]

1. e4 e5 2. Nc3 Nf6 3. Bc4 Bc5 4. d3 O-O 5. Bg5 d6 6. Qd2 c6 7. a3 b5 8. Ba2
Nbd7 9. Nge2 Qb6 10. Be3 Bxe3 11. fxe3 Nc5 12. O-O Be6 13. b4 Ncd7 14. Ng3 Bxa2
15. Nxa2 d5 16. exd5 cxd5 17. Qe2 Rfe8 18. Nc3 Rac8 19. Nd1 Nf8 20. Nf2 Rc6 21.
Nf5 Ng6 22. Nh3 Rec8 23. Ra2 Rc3 24. Ng5 h6 25. Nf3 R8c7 26. Kh1 Qe6 27. N3h4
Nxh4 28. Nxh4 d4 29. e4 Qxa2 0-1

[Event "FRA T II 20102011"]
[Site "FRA"]
[Date "2010.11.14"]
[Round "2.6"]
[White "Salmon, Jean Louis"]
[Black "Faber, Michel"]
[Result "0-1"]
[WhiteElo "1844"]
[BlackElo "2183"]
[PlyCount "56"]
[EventDate "2010.11.13"]
[EventType "team-match"]
[EventRounds "9"]
[EventCountry "FRA"]
[Source "FFE"]
[SourceDate "2010.10.29"]
[WhiteTeamCountry "FRA"]
[BlackTeamCountry "FRA"]

1. e4 Nf6 2. e5 Nd5 3. c4 Nb6 4. d4 d6 5. f4 dxe5 6. fxe5 Nc6 7. Be3 Bf5 8. a3
e6 9. Nf3 Be7 10. Be2 O-O 11. O-O f6 12. Nc3 a5 13. b3 Bg4 14. exf6 Bxf6 15.
Ne4 Be7 16. Nc3 a4 17. d5 Bf6 18. Rc1 Na5 19. Bxb6 cxb6 20. Nxa4 b5 21. cxb5
exd5 22. Rc2 Be6 23. Nd4 Bf7 24. Rf3 Qe7 25. Rd3 Bg6 26. Rf3 Bxd4+ 27. Qxd4
Qxe2 28. Qxd5+ Kh8 0-1

[Event "FRA T II 20102011"]
[Site "FRA"]
[Date "2010.11.14"]
[Round "2.5"]
[White "Toux, Stephane"]
[Black "Gallon, Willy"]
[Result "0-1"]
[WhiteElo "1825"]
[BlackElo "2074"]
[PlyCount "50"]
[EventDate "2010.11.13"]
[EventType "team-match"]
[EventRounds "9"]
[EventCountry "FRA"]
[Source "FFE"]
[SourceDate "2010.10.29"]
[WhiteTeamCountry "FRA"]
[BlackTeamCountry "FRA"]

1. e4 e6 2. d4 d5 3. e5 c5 4. c3 Nc6 5. Nf3 Qb6 6. Be2 cxd4 7. cxd4 Nge7 8. Na3
Nf5 9. Nc2 Be7 10. O-O O-O 11. a3 Bd7 12. b4 Rac8 13. Kh1 a6 14. Bd3 Na7 15. g4
Nh4 16. Nxh4 Bxh4 17. a4 Be7 18. a5 Qc7 19. Bd2 Bb5 20. Bxb5 Nxb5 21. Rc1 Qc4
22. Be3 Nc3 23. Na3 Qxb4 24. Nc2 Qb2 25. Qd3 Na2 0-1

[Event "FRA T I 120102011"]
[Site "FRA"]
[Date "2010.11.14"]
[Round "3.3"]
[White "Grizou, Regis"]
[Black "Theon, Pierre"]
[Result "1/2-1/2"]
[WhiteElo "2203"]
[BlackElo "2098"]
[PlyCount "33"]
[EventDate "2010.10.17"]
[EventType "team-match"]
[EventRounds "9"]
[EventCountry "FRA"]
[Source "FFE"]
[SourceDate "2010.10.29"]
[WhiteTeamCountry "FRA"]
[BlackTeamCountry "FRA"]

1. d4 g6 2. Nf3 Bg7 3. c4 d6 4. Nc3 Bg4 5. e3 c5 6. Be2 cxd4 7. Nxd4 Bxe2 8.
Ncxe2 Nf6 9. O-O O-O 10. b3 Nc6 11. Bb2 Nxd4 12. Qxd4 d5 13. cxd5 Qxd5 14. Qb4
Qe4 15. Qxe4 Nxe4 16. Bxg7 Kxg7 17. f3 1/2-1/2

[Event "FRA T I 120102011"]
[Site "FRA"]
[Date "2010.12.11"]
[Round "4.2"]
[White "Delaunay, Sebastien"]
[Black "Navrotescu, Catalin"]
[Result "0-1"]
[WhiteElo "2358"]
[BlackElo "2439"]
[PlyCount "78"]
[EventDate "2010.10.17"]
[EventType "team-match"]
[EventRounds "9"]
[EventCountry "FRA"]
[Source "FFE"]
[SourceDate "2010.10.29"]
[WhiteTeam "Nantes"]
[WhiteTeamCountry "FRA"]
[BlackTeamCountry "FRA"]

1. d4 e6 2. c4 Bb4+ 3. Nc3 d5 4. Nf3 c5 5. a3 Bxc3+ 6. bxc3 Nc6 7. e3 Nge7 8.
Bd3 O-O 9. O-O dxc4 10. Bxc4 Ng6 11. e4 e5 12. dxc5 Qa5 13. Qb3 Qxc5 14. Be3
Qe7 15. Qb5 Bg4 16. Bg5 Qc7 17. Bd5 Bxf3 18. gxf3 h6 19. Be3 Qd7 20. Kg2 Nh4+
21. Kg3 Qe7 22. Rg1 Qf6 23. Qxb7 Ne7 24. Kh3 Qxf3+ 25. Rg3 Qf6 26. Rag1 g5 27.
Bxg5 hxg5 28. Qxe7 Qxe7 29. Rxg5+ Ng6 30. Rxg6+ Kh7 31. R6g5 Kh6 32. R5g4 Qd7
33. R1g3 Kh5 34. Bc6 Qe6 35. Bd5 Qf6 36. Kg2 Rab8 37. Rf3 Qe7 38. h3 Rb6 39.
Rg5+ Kh6 0-1

[Event "FRA T I 120102011"]
[Site "FRA"]
[Date "2010.12.11"]
[Round "4.4"]
[White "Grill, Marc"]
[Black "Restout, Bruce"]
[Result "1-0"]
[WhiteElo "2178"]
[BlackElo "2041"]
[PlyCount "55"]
[EventDate "2010.10.17"]
[EventType "team-match"]
[EventRounds "9"]
[EventCountry "FRA"]
[Source "FFE"]
[SourceDate "2010.10.29"]
[WhiteTeamCountry "FRA"]
[BlackTeamCountry "FRA"]

1. e4 c5 2. Nf3 d6 3. d4 cxd4 4. Nxd4 Nf6 5. Nc3 e6 6. g4 h6 7. Be3 Be7 8. Rg1
Nc6 9. Qd2 a6 10. h4 Nxd4 11. Qxd4 e5 12. Qd1 Qa5 13. Qf3 b5 14. g5 hxg5 15.
hxg5 Nd7 16. O-O-O Bb7 17. Kb1 Nb6 18. g6 f6 19. Bxb6 Qxb6 20. Bh3 b4 21. Nd5
Bxd5 22. exd5 Ra7 23. Rh1 Rh6 24. Be6 Rxh1 25. Rxh1 Bf8 26. Bf7+ Rxf7 27. gxf7+
Kxf7 28. Qf5 1-0

[Event "FRA T I 120102011"]
[Site "FRA"]
[Date "2010.12.11"]
[Round "4.7"]
[White "Auvray, Juliette"]
[Black "Murie, Eric"]
[Result "0-1"]
[WhiteElo "2010"]
[BlackElo "2070"]
[PlyCount "66"]
[EventDate "2010.10.17"]
[EventType "team-match"]
[EventRounds "9"]
[EventCountry "FRA"]
[Source "FFE"]
[SourceDate "2010.10.29"]
[WhiteTeamCountry "FRA"]
[BlackTeamCountry "FRA"]

1. e4 e6 2. d4 d5 3. Nc3 Nf6 4. Bg5 dxe4 5. Nxe4 Be7 6. Nxf6+ Bxf6 7. Be3 O-O
8. Nf3 Qe7 9. c3 Nd7 10. g4 g6 11. Qd2 e5 12. O-O-O exd4 13. Bxd4 Bxd4 14. Qxd4
Qf6 15. Qe3 Nb6 16. Bh3 Nc4 17. Qe4 Nd6 18. Qd3 Qf4+ 19. Nd2 Bxg4 20. Bxg4 Qxg4
21. h4 h5 22. Rdg1 Qf5 23. Qe3 Rfe8 24. Qd4 Ne4 25. Nxe4 Rxe4 26. Qd2 Rae8 27.
Re1 Rxe1+ 28. Rxe1 Rxe1+ 29. Qxe1 Qf4+ 30. Kd1 Qxh4 31. Qe8+ Kg7 32. Ke1 Qf6
33. Qe4 Qe6 0-1

[Event "FRA T I 120102011"]
[Site "FRA"]
[Date "2010.12.11"]
[Round "4.8"]
[White "Sandrot, Veronique"]
[Black "Guerineau, Gregoire"]
[Result "0-1"]
[WhiteElo "1440"]
[BlackElo "1965"]
[PlyCount "60"]
[EventDate "2010.10.17"]
[EventType "team-match"]
[EventRounds "9"]
[EventCountry "FRA"]
[Source "FFE"]
[SourceDate "2010.10.29"]
[WhiteTeamCountry "FRA"]
[BlackTeamCountry "FRA"]

1. d4 d5 2. Nf3 c5 3. g3 Nf6 4. Bg2 Nc6 5. e3 e6 6. O-O Bd6 7. Nbd2 O-O 8. c4
Re8 9. b3 b6 10. Bb2 Ba6 11. Re1 Rc8 12. Ne5 Bf8 13. a3 cxd4 14. exd4 Nxe5 15.
dxe5 Nd7 16. cxd5 exd5 17. Nf3 Nc5 18. Bf1 Bxf1 19. Kxf1 Qd7 20. Kg1 Qf5 21.
Qxd5 Nd3 22. Re2 Red8 23. Qb7 Nc5 24. Nh4 Qd3 25. Qf3 Qxb3 26. Qxb3 Nxb3 27.
Rae1 Rd2 28. f4 Rcc2 29. Nf3 Rxe2 30. Rxe2 Rxe2 0-1

[Event "FRA T I 120102011"]
[Site "FRA"]
[Date "2010.12.11"]
[Round "4.4"]
[White "Pietrasanta, Jeremy"]
[Black "Sorbe, Stephane"]
[Result "1-0"]
[WhiteElo "2283"]
[BlackElo "2352"]
[PlyCount "49"]
[EventDate "2010.10.17"]
[EventType "team-match"]
[EventRounds "9"]
[EventCountry "FRA"]
[Source "FFE"]
[SourceDate "2010.10.29"]
[WhiteTeamCountry "FRA"]
[BlackTeamCountry "FRA"]

1. e4 c6 2. d3 d5 3. Nd2 e5 4. Ngf3 Bd6 5. d4 exd4 6. exd5 c5 7. Bb5+ Bd7 8.
Qe2+ Kf8 9. Bxd7 Qxd7 10. c3 Nf6 11. cxd4 cxd4 12. Nxd4 Nxd5 13. O-O Nc6 14.
N2b3 Re8 15. Qf3 Nxd4 16. Nxd4 Be5 17. Nf5 Ne7 18. Ne3 Qc6 19. Qh3 h5 20. Bd2
Bxb2 21. Rab1 Qf6 22. Bb4 Be5 23. Nd5 Qc6 24. Nxe7 Rxe7 25. Rfc1 1-0

[Event "FRA T I 120102011"]
[Site "FRA"]
[Date "2010.12.11"]
[Round "4.6"]
[White "Fournet, Arnaud"]
[Black "Silva Lillo, Sebastian"]
[Result "1/2-1/2"]
[WhiteElo "2171"]
[BlackElo "2326"]
[PlyCount "60"]
[EventDate "2010.10.17"]
[EventType "team-match"]
[EventRounds "9"]
[EventCountry "FRA"]
[Source "FFE"]
[SourceDate "2010.10.29"]
[WhiteTeamCountry "FRA"]
[BlackTeamCountry "FRA"]

1. e4 c5 2. Nf3 Nc6 3. d4 cxd4 4. Nxd4 g6 5. Be2 Bg7 6. Nb3 Nf6 7. Nc3 d6 8.
O-O O-O 9. Re1 a6 10. a4 Be6 11. Bf1 Rc8 12. Nd5 Ne5 13. a5 Nc4 14. Ra4 b5 15.
axb6 Nxb6 16. Nxf6+ Bxf6 17. Rxa6 Bc4 18. Bxc4 Nxc4 19. Nd4 Ra8 20. Rxa8 Qxa8
21. b3 Ne5 22. c4 Rb8 23. Nb5 Qa2 24. Be3 Nc6 25. Re2 Qa5 26. g3 h5 27. f4 Ra8
28. Rc2 Qb4 29. Rc1 Ra2 30. Rb1 Qa5 1/2-1/2

[Event "FRA T I 120102011"]
[Site "FRA"]
[Date "2010.12.11"]
[Round "4.7"]
[White "Coste, Thierry"]
[Black "Plane, Boris"]
[Result "1-0"]
[WhiteElo "2193"]
[BlackElo "2121"]
[PlyCount "59"]
[EventDate "2010.10.17"]
[EventType "team-match"]
[EventRounds "9"]
[EventCountry "FRA"]
[Source "FFE"]
[SourceDate "2010.10.29"]
[WhiteTeamCountry "FRA"]
[BlackTeamCountry "FRA"]

1. e4 e5 2. Nf3 Nc6 3. Bc4 Nf6 4. Ng5 d5 5. exd5 Na5 6. Bb5+ c6 7. dxc6 bxc6 8.
Qf3 Bb7 9. Be2 Be7 10. Nc3 O-O 11. d3 c5 12. Qg3 Nc6 13. O-O Nd4 14. Bd1 Qc7
15. f4 Bd6 16. fxe5 Bxe5 17. Bf4 Bxf4 18. Rxf4 Nxc2 19. Bxc2 Nh5 20. Qh4 Qxf4
21. Qxh5 h6 22. Nf3 Qe3+ 23. Kh1 Rae8 24. Ne4 f5 25. Re1 Qf4 26. Nf6+ Rxf6 27.
Qxe8+ Kh7 28. Bb3 h5 29. Qxh5+ Rh6 30. Ng5+ 1-0

[Event "FRA T I 120102011"]
[Site "FRA"]
[Date "2010.12.11"]
[Round "4.8"]
[White "Kohi, Camilla"]
[Black "Eid, Maha"]
[Result "0-1"]
[WhiteElo "1789"]
[BlackElo "2067"]
[PlyCount "62"]
[EventDate "2010.10.17"]
[EventType "team-match"]
[EventRounds "9"]
[EventCountry "FRA"]
[Source "FFE"]
[SourceDate "2010.10.29"]
[WhiteTeamCountry "FRA"]
[BlackTeamCountry "FRA"]

1. d4 Nf6 2. c4 e6 3. Nc3 Bb4 4. Bd2 O-O 5. Nf3 b6 6. e3 Bb7 7. Bd3 d6 8. O-O
Nbd7 9. Qc2 e5 10. Ng5 g6 11. Nge4 Ne8 12. f3 f5 13. Nf2 Ng7 14. Rae1 Bxc3 15.
Bxc3 c5 16. b3 Qe7 17. dxc5 dxc5 18. Qb2 Rae8 19. e4 f4 20. Bb1 Nb8 21. b4 Nc6
22. Kh1 cxb4 23. Bd2 a5 24. Bc2 Rd8 25. Bb3 Kh8 26. Rd1 Nd4 27. Bc1 Bc6 28. Nd3
Nh5 29. Rg1 a4 30. Bc2 Ng3+ 31. hxg3 fxg3 0-1

[Event "FRA T I 120102011"]
[Site "FRA"]
[Date "2010.12.11"]
[Round "4.1"]
[White "Kulaots, Kaido"]
[Black "Roser, Kevin"]
[Result "1-0"]
[WhiteElo "2580"]
[BlackElo "2433"]
[PlyCount "63"]
[EventDate "2010.10.17"]
[EventType "team-match"]
[EventRounds "9"]
[EventCountry "FRA"]
[Source "FFE"]
[SourceDate "2010.10.29"]
[WhiteTeam "Deauville"]
[BlackTeamCountry "FRA"]

1. e4 c5 2. Nf3 Nc6 3. d4 cxd4 4. Nxd4 Nf6 5. Nc3 d6 6. Bg5 e6 7. Qd2 a6 8.
O-O-O Be7 9. h4 O-O 10. h5 Nxd4 11. Qxd4 h6 12. Bh4 Qc7 13. g4 e5 14. Qd2 Bxg4
15. Rg1 Bxh5 16. Bxf6 Bxf6 17. Nd5 Qd8 18. Qxh6 Bg6 19. Qe3 Bh5 20. Rd3 Bh4 21.
Kb1 f5 22. Bh3 f4 23. Be6+ Kh8 24. Qh3 g5 25. Rc3 g4 26. Bxg4 Rg8 27. f3 Bxg4
28. fxg4 Kg7 29. g5 Bf2 30. Qh6+ Kf7 31. g6+ Ke8 32. g7 1-0

[Event "FRA T I 120102011"]
[Site "FRA"]
[Date "2010.12.11"]
[Round "4.3"]
[White "Bellaiche, Antony"]
[Black "Wittmann, Marc"]
[Result "1-0"]
[WhiteElo "2462"]
[BlackElo "2259"]
[PlyCount "52"]
[EventDate "2010.10.17"]
[EventType "team-match"]
[EventRounds "9"]
[EventCountry "FRA"]
[Source "FFE"]
[SourceDate "2010.10.29"]
[WhiteTeam "Deauville"]
[BlackTeamCountry "FRA"]

1. d4 Nf6 2. c4 g6 3. Nc3 Bg7 4. e4 d6 5. Nf3 O-O 6. Be2 Bg4 7. O-O Nfd7 8. Be3
c5 9. d5 Na6 10. Rc1 Nc7 11. a3 Re8 12. b4 b6 13. Qc2 e6 14. dxe6 Nxe6 15. Nd5
Bxf3 16. Bxf3 Nd4 17. Bxd4 Bxd4 18. Rcd1 Rc8 19. Bg4 Kg7 20. Qa4 Ne5 21. Bxc8
Qxc8 22. Qc2 Qg4 23. Kh1 Qh4 24. g3 g5 25. Rxd4 cxd4 26. Qb2 d3 {suite
illisible} 1-0

[Event "FRA T I 120102011"]
[Site "FRA"]
[Date "2010.12.11"]
[Round "4.5"]
[White "Godard, Maxence"]
[Black "Lavabre, Fabien"]
[Result "1/2-1/2"]
[WhiteElo "2339"]
[BlackElo "2226"]
[PlyCount "84"]
[EventDate "2010.10.17"]
[EventType "team-match"]
[EventRounds "9"]
[EventCountry "FRA"]
[Source "FFE"]
[SourceDate "2010.10.29"]
[BlackTeamCountry "FRA"]

1. d4 Nf6 2. c4 g6 3. Nc3 d5 4. e3 Bg7 5. cxd5 Nxd5 6. Nxd5 Qxd5 7. Ne2 O-O 8.
Nc3 Qd6 9. Be2 c6 10. O-O a5 11. b3 Bf5 12. Bb2 Rd8 13. Bg4 Qe6 14. Bxf5 Qxf5
15. Qe2 Nd7 16. Rfc1 e5 17. d5 e4 18. dxc6 bxc6 19. Na4 Bxb2 20. Qxb2 Ne5 21.
Rc5 Rd5 22. Rxd5 cxd5 23. Qd2 Nd3 24. Nb2 Rc8 25. Rf1 Nb4 26. a3 Rc2 27. Qe1
Nd3 28. Nxd3 exd3 29. h3 d2 30. Qe2 Rb2 31. b4 axb4 32. axb4 Qe4 33. b5 Qc4 34.
Qd1 Qxb5 35. Kh2 h5 36. f4 f5 37. Qa1 Kf7 38. Qa7+ Ke6 39. Ra1 d1=Q 40. Rxd1
Rxg2+ 41. Kxg2 Qe2+ 42. Kg3 Qxd1 1/2-1/2

[Event "FRA T I 120102011"]
[Site "FRA"]
[Date "2010.12.11"]
[Round "4.7"]
[White "Azadharf, Farrokh"]
[Black "Bossard, Arnaud"]
[Result "0-1"]
[WhiteElo "2230"]
[BlackElo "2199"]
[PlyCount "70"]
[EventDate "2010.10.17"]
[EventType "team-match"]
[EventRounds "9"]
[EventCountry "FRA"]
[Source "FFE"]
[SourceDate "2010.10.29"]
[BlackTeamCountry "FRA"]

1. e4 c5 2. Nf3 e6 3. Be2 Nc6 4. O-O Nf6 5. d3 Be7 6. c3 O-O 7. h3 d6 8. a3 Rb8
9. b4 b5 10. Bf4 e5 11. Bh2 Nd7 12. Nbd2 Bf6 13. Rb1 a6 14. bxc5 Nxc5 15. d4
exd4 16. cxd4 Na4 17. Qc2 Nxd4 18. Nxd4 Bxd4 19. Nf3 Bc5 20. e5 Be6 21. Rbd1 d5
22. Nd4 Qb6 23. Nf5 Rbc8 24. Qd3 Nb2 25. Qf3 Nxd1 26. Rxd1 Bxf5 27. Qxf5 Qe6
28. Qf3 f6 29. Qb3 fxe5 30. Bg4 Bxf2+ 31. Kh1 Qf7 32. Bxc8 Rxc8 33. Bxe5 Rd8
34. Rf1 Qe7 35. Qb2 Bc5 0-1

[Event "FRA T I 120102011"]
[Site "FRA"]
[Date "2010.12.11"]
[Round "4.1"]
[White "Bedouin, Xavier"]
[Black "Grizou, Regis"]
[Result "1-0"]
[WhiteElo "2404"]
[BlackElo "2203"]
[PlyCount "81"]
[EventDate "2010.10.17"]
[EventType "team-match"]
[EventRounds "9"]
[EventCountry "FRA"]
[Source "FFE"]
[SourceDate "2010.10.29"]
[BlackTeamCountry "FRA"]

1. e4 c5 2. c3 Nf6 3. e5 Nd5 4. d4 cxd4 5. cxd4 e6 6. Nc3 Nxc3 7. bxc3 Qc7 8.
Bd2 d6 9. f4 b6 10. Nf3 Qc6 11. Qb3 Ba6 12. c4 Nd7 13. Bd3 Be7 14. O-O O-O 15.
Rac1 Rad8 16. Be3 Qb7 17. Rfd1 Rc8 18. a4 d5 19. cxd5 Bxd3 20. Rxd3 Rxc1+ 21.
Bxc1 Rc8 22. Ba3 Bxa3 23. dxe6 Nc5 24. exf7+ Qxf7 25. Qxf7+ Kxf7 26. Rxa3 Ne4
27. h3 Rc1+ 28. Kh2 Rd1 29. Re3 Nd2 30. Nxd2 Rxd2 31. Re4 g6 32. e6+ Ke7 33.
Kg3 a6 34. Kf3 b5 35. axb5 axb5 36. g4 b4 37. f5 gxf5 38. gxf5 b3 39. f6+ Kxf6
40. e7 b2 41. e8=Q 1-0

[Event "FRA T I 120102011"]
[Site "FRA"]
[Date "2010.12.11"]
[Round "4.6"]
[White "Marciniak, Gerard"]
[Black "Prodhomme, Boris"]
[Result "1-0"]
[WhiteElo "2114"]
[BlackElo "2163"]
[PlyCount "57"]
[EventDate "2010.10.17"]
[EventType "team-match"]
[EventRounds "9"]
[EventCountry "FRA"]
[Source "FFE"]
[SourceDate "2010.10.29"]
[BlackTeamCountry "FRA"]

1. d4 d5 2. c4 c6 3. Nf3 Nf6 4. Nc3 a6 5. a4 e6 6. e3 Bb4 7. Nd2 Nbd7 8. Be2
O-O 9. O-O e5 10. Qb3 Qa5 11. cxd5 cxd5 12. dxe5 Nxe5 13. Nf3 Nxf3+ 14. Bxf3
Bxc3 15. bxc3 Be6 16. Rb1 Rab8 17. Ba3 Rfe8 18. Bb4 Qc7 19. Qa3 Rbc8 20. a5 Ne4
21. Rfd1 Qe5 22. Rd4 Bf5 23. Rbd1 Nxf2 24. Kxf2 Qxe3+ 25. Kf1 Bc2 26. Qc1 Bxd1
27. Qxe3 Rxe3 28. Rxd1 Rd8 29. Bxd5 1-0

[Event "FRA T I 120102011"]
[Site "FRA"]
[Date "2010.12.11"]
[Round "4.8"]
[White "Mamah, Isabelle"]
[Black "Le Bail, Clara"]
[Result "0-1"]
[WhiteElo "1838"]
[BlackElo "2044"]
[PlyCount "62"]
[EventDate "2010.10.17"]
[EventType "team-match"]
[EventRounds "9"]
[EventCountry "FRA"]
[Source "FFE"]
[SourceDate "2010.10.29"]
[BlackTeamCountry "FRA"]

1. e4 e6 2. d4 d5 3. Nd2 Nf6 4. e5 Nfd7 5. Bd3 c5 6. c3 Nc6 7. Ne2 cxd4 8. cxd4
f6 9. Nf4 Nxd4 10. Qh5+ Ke7 11. exf6+ Nxf6 12. Qh4 e5 13. Ng6+ hxg6 14. Qxh8
Kf7 15. Qh4 e4 16. O-O Nf5 17. Qh3 Bd6 18. f4 Qb6+ 19. Kh1 Ne3 20. Qg3 Nxf1 21.
Bxf1 Ng4 22. h3 Be6 23. Nb3 a5 24. Bd2 a4 25. Nc1 Qxb2 26. Bc3 Qf2 27. Qxf2
Nxf2+ 28. Kg1 Bc5 29. Kh2 d4 30. Bb2 d3 31. Kg3 d2 0-1

[Event "FRA T I 120102011"]
[Site "FRA"]
[Date "2010.12.11"]
[Round "4.3"]
[White "Theon, Pierre"]
[Black "Tripoteau, Nicolas"]
[Result "0-1"]
[WhiteElo "2098"]
[BlackElo "2421"]
[PlyCount "60"]
[EventDate "2010.10.17"]
[EventType "team-match"]
[EventRounds "9"]
[EventCountry "FRA"]
[Source "FFE"]
[SourceDate "2010.10.29"]
[BlackTeamCountry "FRA"]

1. e4 c5 2. b3 d6 3. Bb2 e5 4. Bc4 Nf6 5. Nc3 Be7 6. d3 Nc6 7. Nge2 a6 8. a4
Be6 9. O-O g5 10. Nd5 Bxd5 11. Bxd5 Nxd5 12. exd5 Nb4 13. c4 Qd7 14. a5 O-O 15.
Bc3 b6 16. d4 Bf6 17. dxc5 bxc5 18. f4 gxf4 19. Nxf4 Bg7 20. Qh5 Nc2 21. Rab1
h6 22. Ne2 f5 23. Ng3 Ne3 24. Rf3 f4 25. Ne4 Rab8 26. g3 Nxc4 27. gxf4 Qf5 28.
Qxf5 Rxf5 29. Rbf1 Rxb3 30. Rg3 Kf7 0-1